Ochrannaja gramota knigi katalog vystavki knižnych znakov

Bibliographic Details
Other Authors: Getmanskij, E.D (Compiler), Kaspina, A.P (Compiler)
Format: Book
Language:Russian
PhysicalDescription:64 s. 14x21 cm
Published: Tula [Tul'skij oblastnoj sovet profsojuzov] 1984
Subjects:

MARC

LEADER 00000nam a2200000 a 4500
001 vtls001224641
003 SK-MaSNL
005 20260301234226.0
008 210928s1984 RU a 0 rus
020 |c 15,00 
035 |a SNK000171228 
040 |a SNK  |b slo  |c SNK  |e AACR2 
044 |a RU 
080 |a 097(47)(083.81)  |2 1981 
245 1 |a Ochrannaja gramota knigi  |b katalog vystavki knižnych znakov  |c [sostaviteli kataloga E.D. Getmanskij, A.P. Kaspina] 
260 |a Tula  |b [Tul'skij oblastnoj sovet profsojuzov]  |c 1984 
300 |a 64 s.  |c 14x21 cm 
500 |a S venovaním zostavovateľa 
650 0 7 |a exlibrisy sovietske  |x katalógy  |2 SNK  |9 284262 
700 1 |a Getmanskij, E.D.  |4 zos  |9 284294 
700 1 |a Kaspina, A.P.  |4 zos  |9 517811 
958 |a OND 
999 |c 969331  |d 971261 
952 |t P60, <04>, [BOOK], {604}  |a SNK  |b SNK  |y VYP  |7 0  |p 17A0021549  |o snkIE 9702  |i snkK 1518/96  |0 0  |1 0  |4 0  |d 1996-12-03  |l 0  |r 2005-01-01 00:00:00  |w 2026-02-24